000 00483nam a2200181Ia 4500
005 20250508154137.0
008 008 250505s9999 xx 000 0 hin d
037 _aTextual
040 _aFEDL
_beng
_cFEDL
041 _ahin
_2eng
084 _a550, SIN
_qFEDL
100 _aShrinath Singh
_9302293
245 0 _aPrithvi ki kahani
260 _aPrayag, India
_bIndian Press Limited
_c1948
300 _a106p
942 _cTEXL
_h550, SIN
999 _c1347971
_d1347971